000 003150000a22001450004500
005 20120302062822.0
942 _cBOOK
100 _a BODAS,MANDA
245 _a VETAL PANCHAVISHI
260 _aMUMBAI : CENTRAL PRAKASHAN
300 _a128 P.
040 _aMAR
365 _bRS.2/-
650 _aSANKIRNA / GOSHTI
999 _c357760
_d357757